संस्कृत साहित्य का संक्षिप इतिहास / (Record no. 113796)

MARC details
000 -LEADER
fixed length control field 01178nam a22002537a 4500
005 - DATE AND TIME OF LATEST TRANSACTION
control field 20170124102958.0
010 ## - LIBRARY OF CONGRESS CONTROL NUMBER
LC control number 882390
020 ## - INTERNATIONAL STANDARD BOOK NUMBER
Terms of availability 00.00
035 ## - SYSTEM CONTROL NUMBER
System control number 882390
037 ## - SOURCE OF ACQUISITION
Source of stock number/acquisition Cen Lib/Ret
040 ## - CATALOGING SOURCE
Original cataloging agency DPL
Language of cataloging HN
082 ## - DEWEY DECIMAL CLASSIFICATION NUMBER
Classification number 810.9
Item number उपाध्या
100 ## - MAIN ENTRY--PERSONAL NAME
Personal name उपाध्याय, आचार्य बलदेव
9 (RLIN) 53878
245 ## - TITLE STATEMENT
Title संस्कृत साहित्य का संक्षिप इतिहास /
Statement of responsibility, etc आचार्य बलदेव उपाध्याय
246 ## - VARYING FORM OF TITLE
Title proper/short title Sanskriti sahitya ka sankship itihaas /
Remainder of title by Aacharya Baldev Upadhyay
260 ## - PUBLICATION, DISTRIBUTION, ETC. (IMPRINT)
Place of publication, distribution, etc वाराणसी
Name of publisher, distributor, etc शारदा शंस्थान
Date of publication, distribution, etc 1977
270 ## - ADDRESS
Address रविन्द्रपुरी, दुर्गाकुंड
City वाराणसी
300 ## - PHYSICAL DESCRIPTION
Extent 341पृ.
Dimensions 20सेमी (सजिल्द)
650 ## - SUBJECT ADDED ENTRY--TOPICAL TERM
Topical term or geographic name as entry element संस्कृत साहित्य
9 (RLIN) 442
650 ## - SUBJECT ADDED ENTRY--TOPICAL TERM
Topical term or geographic name as entry element संस्कृत साहित्य -- इतिहास
9 (RLIN) 6610
650 ## - SUBJECT ADDED ENTRY--TOPICAL TERM
Topical term or geographic name as entry element Sanskrit literature
9 (RLIN) 53879
650 ## - SUBJECT ADDED ENTRY--TOPICAL TERM
Topical term or geographic name as entry element Sanskrit literature -- History
9 (RLIN) 53880
942 ## - ADDED ENTRY ELEMENTS (KOHA)
Source of classification or shelving scheme Dewey Decimal Classification
Koha item type Hindi Books
Classification part 810.9
Call number suffix उपाध्या
Holdings
Withdrawn status Lost status Damaged status Not for loan Home library Current library Date acquired Source of acquisition Cost, normal purchase price Total Checkouts Full call number Barcode Date last seen Copy number Cost, replacement price Price effective from Koha item type
        Central Library Central Library 13/08/2015 Cen Lib/Ret 0.00   810.9 उपाध्या 882390 13/08/2015 1 0.00 13/08/2015 Hindi Books

© Delhi Public Library
Hit Counter
free hit counter